000 00426nam a22001817a 4500
003 MPLRDC
005 20220104143739.0
008 210129b ||||| |||| 00| 0 eng d
020 _a988-950-582-6
082 _a857.7 XMY v.298
100 _a梦萝 著
245 _a雪山奇情
_c
260 _a
_b星河出版社
_c1999
300 _b
490 _a寻梦园系列; 298
650 _a
942 _cBK
_o857.7 XMY v.298
999 _c42950
_d42940